LEADER 02790nam1 22005173i 450 001 PUV0101598 005 20231121125609.0 100 $a20030415g1947 ||||0itac50 ba 101 | $alat$afre$clat 102 $afr 181 1$6z01$ai $bxxxe 182 1$6z01$an 200 1 $aComedies$fTérence$gtexte établi et traduit par J. Marouzeau 210 $aParis$cLes belles lettres$d1947- 215 $a v.$d20 225 | $aCollection des universités de France 300 $aTesto orig. con trad. francese a fronte 410 0$1001CFI0082639$12001 $aCollection des universités de France 463 1$1001FER0127766$12001 $a˜3: œHecyre$aAdelphes$fTerence$gtexte etabli et traduit par J. Marouzeau$v3 463 1$1001LO10439809$12001 $a˜1: œAndrienne$aEunuque$fTérence$gtexte établi et traduit par J. Marouzeau$v1 463 1$1001LO10439813$12001 $a˜2: œHeautontimoroumenos$aPhormion$fTérence$gtexte établi et traduit par J. Marouzeau$v2 463 1$1001MIL0447249$12001 $a˜3: œHecyre$aAdelphes$fTerence$v3 463 1$1001SBL0223838$12001 $a˜2: œHeautontimoroumenos$aPhormion$fTerence$gtexte etabli et traduit par J. Marouzeau$v2 463 1$1001UFI0284236$12001 $a˜3: œHécyre$aAdelphes$fTérence$gtexte établi et traduit par J. Marouzeau$v3 463 1$1001UMC0333594$12001 $a˜2: œHeautontimoroumenos$aPhormion$fTerence$gtexte établi et traduit par J. Moreuzeau$v2 500 10$aComoediae$3UFI0301615$9CFIV069531$91044682 606 $aTerenzio Afro, Publio$xCommedie$xEdizioni critiche$2FIR$3RMLC428716$9E 676 $a872.01$9Poesia drammatica e letteratura drammatica latina. Periodo romano, fino al 499 ca.$v22 700 1$aTerentius Afer$b, Publius$3CFIV069531$4070$0439355 702 1$aMarouzeau$b, Jules$3PALV013076$4340 790 1$aTerentius$b, Publius Afer$3CAGV024322$zTerentius Afer, Publius 790 0$aTerenzio$3CFIV069532$zTerentius Afer, Publius 790 1$aTerenzio Afro$b, Publio$3CFIV069535$zTerentius Afer, Publius 801 3$aIT$bIT-01$c20030415 850 $aIT-RM0289 $aIT-RM0290 $aIT-RM0418 $aIT-FR0084 $aIT-FR0017 899 $aBiblioteca Statale A. Baldini$bRM0289 899 $aBIBLIOTECA ANGELICA$bRM0290 899 $aBIBLIOTECA ACCADEMIA NAZ. DEI LINCEI E CORSINIANA$bRM0418 899 $aBiblioteca Del Monumento Nazionale Di Montecassino$bFR0084 899 $aBiblioteca umanistica Giorgio Aprea$bFR0017 912 $aPUV0101598 950 1$aBiblioteca umanistica Giorgio Aprea$d 52BLL Ter. 1.1$d 52BLL Ter. 1.2$d 52BLL Ter. 1.3$d 52BLL Ter. 1.3 bis 967 $m7 977 $a 04$a 06$a 10$a 25$a 52 996 $aComoediae$91044682 997 $aUNICAS